Growth performance and economic evaluation of acacia mangium Wlld. planted at different spacings

Bibliographic Details
Main Author: PHOUTHAVONG
Format: Book
Published: Serdang, Selangor : Universiti Putra Malaysia , 1998
Subjects:

MARC

LEADER 00000cam a2200000 7i4500
001 0000002480
005 20030701.0
090 0 0 |a R THE634.973748   |b PHO 1998 
100 1 0 |a PHOUTHAVONG   |h Sinhsamouth 
245 1 0 |a Growth performance and economic evaluation of acacia mangium Wlld. planted at different spacings   |c Sinhsamouth Phouthavong 
260 0 0 |a Serdang, Selangor :   |b Universiti Putra Malaysia ,   |c 1998 
300 |a xvii, 169 p. :   |b col. ill. ;   |c 30 cm. 
500 0 0 |a Bibliography : p. 106 -116 
500 0 0 |a Thesis (MSc) - Universiti Putra Malaysia 
650 0 0 |a Acacia 
650 0 0 |a Mangium 
998 |a JPSM 
999 |a 0000004635   |b Thesis   |c Reference   |e Default branch